000
00286nam a2200121 a 4500
005
20141022142006.0
008
080922s19uu xx 00 eng d
050
_a
VCD
_b
T25 2002
245
_a
The ten commandments.
650
_a
VCD.
650
_a
The ten commandments.
942
_c
AVM
999
_c
276506
_d
276506